Statystyki dla Herby Kantonów Szwajcarii

Kliknij tutaj aby rozwiązać quiz!

Ogólne statystyki

  • Ten quiz został rozwiązany 16 razy
    (14 od ostatniego zresetowania)
  • Średni wynik to 9 z 26

Statystyki odpowiedzi

Odpowiedź% Poprawnych
Berno
78%
Uri
67%
Neuchâtel
56%
Ticino
56%
Fryburg
44%
Genewa
44%
Glarus
44%
Sankt Gallen
44%
Vaud
44%
Zurych
44%
Appenzell Ausserrhoden
33%
Appenzell Innerrhoden
33%
Bazylea-Miasto
33%
Bazylea-Okręg
33%
Gryzonia
33%
Jura
33%
Lucerna
33%
Zug
33%
Argowia
22%
Nidwalden
22%
Obwalden
22%
Szafuza
22%
Turgowia
22%
Wallis
22%
Schwyz
11%
Solura
11%

Rozkład punktacji

Percentyl według liczby udzielonych odpowiedzi

Procent ludzi z każdym wynikiem

Twoja historia wyników

Nie rozwiązałeś tego quizu od ostatniego zresetowania